000 00886cam1a220026500 4500
001 qce01743590
005 20190830130042.0
008 750114s1973 dcub s 000 0 eng
010 _a 74185415 //r84
035 _a(Sirsi) r73970
035 _a(QCAT)lss00780366
035 _a(UPRA)qce01743590
040 _dUPRA
043 _as-pe---
050 0 _aHC227
_b.I57
082 _a330.9/85/063
110 2 _aWorld Bank.
_6A16748.1
245 1 0 _aCurrent economic position and prospects of Peru.
260 _aWashington,
_c1973.
650 0 _aBudget -- Peru.
_zBudget -- Peru.
_6S26899.1
650 0 _aBalance of payments -- Peru.
_zBalance of payments -- Peru.
_6S26900.1
651 0 _aPeru -- Economic conditions -- 1968-
_xPeru -- Economic conditions -- 1968-
_yPeru -- Economic conditions -- 1968-
_6S26901.1
949 _aHC227
_wlcc
_mMAIN
_tBOOK
_lON-SHELF
004 73970
999 _c202429
_d202429